000 00973cab a2200337 4500
001 ABS47841
008 090401t1993 xxu||||| |||| 00| 0 eng d
035 _a(Sirsi) u63620
041 _aeng
100 _aBolton, A.
245 _aOpening time
260 _c1993
350 _a0
490 _aNew Civil Engineer
_v(1024) 31 December 1992/7 January 1993, 18-19 (2)
520 _aLooks at efforts to create a barrier-free construction market. Tabulates the status of Eurocodes as at 1 January 1993.
650 _aCAPITAL PROJECTS
650 _aCEN PRESTANDARDS
650 _aDIRECTIVE 89/106/EEC
650 _aEC FUNDING
650 _aEUROCODES
650 _aEUROPE
650 _aInfrastructure
_96246
650 _aPUBLIC PROCUREMENT
650 _aSINGLE MARKET
690 _aBUILT ENVIRONMENT
690 _aBUILT ENVIRONMENT-BUILDING MATERIALS
690 _aEUROPE-SINGLE MARKET
700 _aParker, D.
942 _n0
948 _c04/03/1997
999 _c39555
_d39555